L'amour de l'art (Record no. 5446)

MARC details
000 -LEADER
campo de control de longitud fija 00881nam a2200289 i 4500
001 - NÚMERO DE CONTROL
campo de control 5446
003 - IDENTIFICADOR DE NÚMERO DE CONTROL
campo de control ES-MaACL
005 - FECHA Y HORA DE LA ÚLTIMA TRANSACCIÓN
campo de control 20250929063043.0
007 - CAMPO FIJO DE DESCRIPCIÓN FÍSICA--INFORMACIÓN GENERAL
campo de control de longitud fija t|
008 - DATOS DE LONGITUD FIJA--INFORMACIÓN GENERAL
campo de control de longitud fija 880617s1985 fr |||| | fre d
020 ## - NÚMERO INTERNACIONAL ESTÁNDAR DEL LIBRO
Número Internacional Estándar del Libro 2-7073-0028-4
080 ## - NÚMERO DE LA CLASIFICACIÓN DECIMAL UNIVERSAL
Número de la Clasificación Decimal Universal 7:301
080 ## - NÚMERO DE LA CLASIFICACIÓN DECIMAL UNIVERSAL
Número de la Clasificación Decimal Universal 301:7
100 1# - ENTRADA PRINCIPAL--NOMBRE DE PERSONA
Nombre de persona Bourdieu, Pierre,
Fechas asociadas al nombre 1930-2002
9 (RLIN) 30964
245 12 - MENCIÓN DEL TÍTULO
Título L'amour de l'art
Resto del título : les musees d'art europeens et leur public /
Mención de responsabilidad, etc. Pierre Bourdieu et Alain Darbel, avec Dominique Schnapper.
250 ## - MENCION DE EDICION
Mención de edición 2eme. ed. rev. et augm.
260 ## - PUBLICACIÓN, DISTRIBUCIÓN, ETC.
Lugar de publicación, distribución, etc. Paris :
Nombre del editor, distribuidor, etc. Minuit,
Fecha de publicación, distribución, etc. 1985.
300 ## - DESCRIPCIÓN FÍSICA
Extensión 251 p. ;
Dimensiones 22 cm.
490 1# - MENCIÓN DE SERIE
Mención de serie Le sens commun
500 ## - NOTA GENERAL
Nota general Bibliografía. Índice.
650 #4 - PUNTO DE ACCESO ADICIONAL DE MATERIA--TÉRMINO DE MATERIA
Término de materia o nombre geográfico como elemento de entrada Museos de arte.
9 (RLIN) 15371
700 1# - ENTRADA AGREGADA--NOMBRE PERSONAL
Nombre de persona Darbel, Alain.
9 (RLIN) 42686
700 1# - ENTRADA AGREGADA--NOMBRE PERSONAL
Nombre de persona Schnapper, Dominique.
9 (RLIN) 104545
830 0# - PUNTO DE ACCESO ADICIONAL DE SERIE-TÍTULO UNIFORME
Título uniforme Le sens commun
9 (RLIN) 177400
852 ## - LOCALIZACIÓN
Ubicación ES-MaACL
Número de control de estantería L-12065
Holdings
Estatus retirado Estado de pérdida Estado de daño No para préstamo Biblioteca de origen Biblioteca actual Ubicación en estantería Fecha de adquisición Fuente de adquisición Total de préstamos Signatura topográfica completa Código de barras Visto por última vez Precio de reemplazo Tipo de ítem Koha
        Biblioteca del Ateneo de Madrid Biblioteca del Ateneo de Madrid Depósito 2 17/01/2008     L-12065 1005513 23/02/2023 23/02/2023 Libro impreso